• 首页
  • 本馆介绍
  • 公告通知
  • 最新文献
  • 馆藏检索
  • 电子资源
  • 读者荐购
  • 参考咨询
  • CALIS
  • 我的图书馆
  • 登录
  • 详细信息显示
  • 放入我的书架
  • 预约/预借图书
  • 作者相关作品
  • 分类相关作品
  • 丛书相关作品
  • 出版社相关作品

书目信息

  • 表格格式
  • 工作单格式
  • 卡片格式
题名:
细胞工程
    
 
作者: 周岩 主编
分册:  
出版信息: 北京   科学出版社  2012.07
页数: 302页
开本: 26cm
丛书名:
单 册:
中图分类: Q813
科图分类:
主题词: 生物工程
电子资源:
ISBN: 7-03-035243-2
 
 
 
 
 
000 00542nam0 2200193 450
001 1564079769
005 20151222174938.70
010    @a7-03-035243-2@dCNY40.00
100    @a20151222d2012 km y0chiy0120 ea
101 0  @achi
102    @aCN@b110000
200 1  @a细胞工程@Axi bao gong cheng@f周岩主编@Fzhou yan zhu bian
210    @a北京@c科学出版社@d2012.07
215    @a302页@d26cm
606 0  @a生物工程
690    @aQ813@v4
701  0 @a周岩@Azhou yan@4主编
801  0 @aCN@b大连网信软件有限公司图书馆·11@c20151222
905    @aZUCC@dQ813@eZ815
    
    细胞工程/周岩主编.-北京:科学出版社,2012.07
    302页;26cm
    
    
    ISBN 7-03-035243-2:CNY40.00
    
●
相关链接 在E读中查询图书 在当当中查询图书 在豆瓣中查询图书


正题名:细胞工程     索取号:Q813/Z815         预约/预借

序号 登录号 条形码 馆藏地/架位号 状态 备注
1 1235444   212354441   生命科学与工程学院资料室/ [索取号:Q813/Z815] 在馆    
河南城建学院图书馆 欢迎您!
大连网信软件有限公司© 版权所有